El neonazismo : sus características y peligros /

Furkejuvvon:
Bibliográfalaš dieđut
Váldodahkki: Lombardo Toledano, Vicente (autor)
Materiálatiipa: Girji
Giella:espánnjágiella
Almmustuhtton: México : UNAM, Escuela Nacional de Ciencias Políticas y Sociales, 1960, c1960
Fáddágilkorat: Lasit fáddágilkoriid
Eai fáddágilkorat, Lasit vuosttaš fáddágilkora!

MARC

LEADER 00000nam^a2200000^a^4500
001 000565197
005 20250521000000.0
009 20260310132041.336
037 |a Acervo Xavier Clavigero 
041 |a ESP 
091 |a FPA. 01065 
100 |a Lombardo Toledano, Vicente  |e (autor) 
245 1 3 |a El neonazismo :  |b sus características y peligros / 
264 4 |a México :  |b UNAM, Escuela Nacional de Ciencias Políticas y Sociales,  |c 1960, c1960 
300 |a 109 p. 
336 |a texto  |b txt  |2 rdacontenido 
337 |a sin mediación  |b n  |2 rdamedio 
338 |a volumen  |b nc  |2 rdasoporte 
649 |a XX 
910 |a Fondo José Ignacio Palencia Gómez S.J. 
920 |a Impresos - Libros 
930 |a Fondos Especiales 
905 |a 137 
901 |a 0500360204  |b IT2  |c ESL  |i D  |u 20250521 
902 |a https://opac.biblio.iteso.mx/vufind/Record/000565197